| 000 | 00404nam a2200157Ia 4500 | ||
|---|---|---|---|
| 008 | 231217s9999 xx 000 0 und d | ||
| 041 | _aEnglish | ||
| 082 | _a001.6424WIN KAU;1 | ||
| 100 | _aKaufeld, John. | ||
| 245 | 0 | _aAccess 97 for windows for dummies | |
| 250 | _a2nd ed. | ||
| 260 |
_c1998 _bComdex Computer _aNew Delhi |
||
| 300 | _axvi, 364+22 | ||
| 650 | _aAccess,97,windows | ||
| 942 | _cAA | ||
| 999 |
_c193151 _d193151 |
||